|
|
|
|
| LEADER |
00000cam a2200000 7i4500 |
| 001 |
0000021080 |
| 005 |
20241106.0 |
| 008 |
240830 caua eng |
| 020 |
|
|
|a 1555426174
|
| 040 |
|
|
|a INS
|b eng
|e rda
|
| 090 |
0 |
0 |
|a HF5549.5.P37
|b .S65 1994
|
| 100 |
1 |
|
|a Phyl, Smith ,
|e author
|
| 245 |
1 |
0 |
|a Creating workplaces where people can think
|c Phyl Smith, Lynn Kearny
|
| 264 |
|
1 |
|a San Francisco :
|b Jossey-Bass Publishers
|c 1994
|
| 264 |
|
4 |
|c ©1994
|
| 300 |
|
|
|a xxv, 208 pages :
|b illustrations ;
|c 29 cm.
|
| 504 |
|
|
|a Includes bibliographical references and index
|
| 650 |
|
0 |
|a Creative thinking
|
| 650 |
|
0 |
|a Office layout
|
| 650 |
|
0 |
|a Performance technology
|
| 650 |
|
0 |
|a Work environment
|
| 700 |
1 |
|
|a Kearny, Phyl ,
|e author
|
| 999 |
|
|
|a 0000019614
|b BOOK
|c Open Shelf
|e Default branch
|
| 999 |
|
|
|a 0000019615
|b BOOK
|c Open Shelf
|e Default branch
|
| 999 |
|
|
|a 0000019616
|b BOOK
|c Open Shelf
|e Default branch
|
| 999 |
|
|
|a 0000019617
|b BOOK
|c Open Shelf
|e Default branch
|